[Event "World Rapid 2017"]
[Site "Riyadh KSA"]
[Date "2017.12.28"]
[Round "13.38"]
[White "Miton, Kamil"]
[Black "Christiansen, Johan-Sebastian"]
[Result "1-0"]
[WhiteTitle "GM"]
[BlackTitle "IM"]
[WhiteElo "2584"]
[BlackElo "2495"]
[WhiteFideId "1111914"]
[BlackFideId "1512668"]
[EventDate "2017.12.26"]

1. Nf3 c5 2. e4 Nf6 3. Nc3 d6 4. e5 dxe5 5. Nxe5 a6 6. a4 e6 7. g3 Qc7 8. Nc4
Qc6 9. f3 h5 10. Bg2 h4 11. O-O hxg3 12. hxg3 Qc7 13. f4 Nc6 14. d3 Nd4 15. Ne4
Nf5 16. Bd2 Qd8 17. Ba5 Qd4+ 18. Rf2 Nxe4 19. dxe4 Nxg3 20. Nb6 Rb8 21. Qf3 Be7
22. Rd1 Qxb2 23. c4 Qf6 24. Qxg3 Qh6 25. Rfd2 Bh4 26. Qf3 Be7 27. e5 Qh2+ 28.
Kf1 Rh4 29. Rf2 Kf8 30. Rd3 Rh6 31. Qg3 Qh5 32. Qf3 Qf5 33. Bh3 Qh7 34. Bd2 Rh4
35. Nxc8 Rxc8 36. f5 f6 37. fxe6 b5 38. axb5 axb5 39. exf6 gxf6 40. Bg5 bxc4 41.
Re3 Rd4 42. Bxf6 Ke8 43. Bxe7 Qxe7 44. Qf7+ Kd8 45. Qf8+ Qe8 46. Qxe8+ Kxe8 47.
e7 1-0

[Event "World Rapid 2017"]
[Site "Riyadh KSA"]
[Date "2017.12.28"]
[Round "13.39"]
[White "Jumabayev, Rinat"]
[Black "Ivanchuk, Vassily"]
[Result "1-0"]
[WhiteTitle "GM"]
[BlackTitle "GM"]
[WhiteElo "2612"]
[BlackElo "2726"]
[WhiteFideId "13702661"]
[BlackFideId "14100010"]
[EventDate "2017.12.26"]

1. d4 Nf6 2. c4 g6 3. g3 Bg7 4. Bg2 O-O 5. Nf3 d6 6. O-O Ne4 7. Qc2 f5 8. Nc3
Nxc3 9. bxc3 Nd7 10. e4 fxe4 11. Qxe4 e5 12. Bg5 Qe8 13. Qh4 Rf5 14. Rae1 h6 15.
Bc1 Qf8 16. Qe4 Qf7 17. Qe2 Rb8 18. Nh4 Nb6 19. c5 Nc4 20. cxd6 cxd6 21. Nxf5
gxf5 22. dxe5 dxe5 23. g4 f4 24. Rd1 Be6 25. Rfe1 Kh8 26. h3 Rg8 27. Be4 Bf6 28.
Bd3 Bd5 29. f3 h5 30. Bxc4 Bxc4 31. Qe4 hxg4 32. hxg4 Qh5 33. Rd2 1-0

[Event "World Rapid 2017"]
[Site "Riyadh KSA"]
[Date "2017.12.28"]
[Round "13.40"]
[White "Naiditsch, Arkadij"]
[Black "Ponomariov, Ruslan"]
[Result "0-1"]
[WhiteTitle "GM"]
[BlackTitle "GM"]
[WhiteElo "2705"]
[BlackElo "2694"]
[WhiteFideId "4650891"]
[BlackFideId "14103320"]
[EventDate "2017.12.26"]

1. d4 Nf6 2. Bf4 e6 3. e3 b6 4. Nf3 Bb7 5. h3 Be7 6. Nbd2 O-O 7. Bd3 c5 8. O-O
cxd4 9. exd4 d6 10. a4 a6 11. c4 Nc6 12. Qb3 d5 13. c5 Nd7 14. Rfc1 a5 15. cxb6
Nxb6 16. Qb5 Rc8 17. Nb3 Bb4 18. Nc5 Ba8 19. Bxh7+ Kxh7 20. Ng5+ Kg8 21. Qd3 g6
22. Ngxe6 Qf6 23. Nxf8 Qxf4 24. Nfd7 Nxd7 25. Nxd7 Rd8 26. Qa6 Qd6 27. Nb6 Nxd4
28. Rc8 Bc6 29. Rd1 Bc5 30. Na8 Kg7 31. Nc7 Nf3+ 32. Kf1 Nh2+ 33. Kg1 Qg3 34.
Kh1 Bxf2 35. Rxd8 Nf3 36. Ne8+ Kh6 0-1

[Event "World Rapid 2017"]
[Site "Riyadh KSA"]
[Date "2017.12.28"]
[Round "13.41"]
[White "Sjugirov, Sanan"]
[Black "Socko, Bartosz"]
[Result "1-0"]
[WhiteTitle "GM"]
[BlackTitle "GM"]
[WhiteElo "2650"]
[BlackElo "2593"]
[WhiteFideId "4189302"]
[BlackFideId "1107038"]
[EventDate "2017.12.26"]

1. d4 Nf6 2. Nf3 e6 3. Bg5 h6 4. Bh4 c5 5. e3 Qb6 6. Bxf6 gxf6 7. Nbd2 cxd4 8.
exd4 Qxb2 9. Bd3 Nc6 10. Rb1 Qxa2 11. O-O Qa5 12. Ne4 Be7 13. c4 Qc7 14. Re1 d6
15. d5 Ne5 16. Nd4 f5 17. Nb5 Qd8 18. Ng3 a6 19. Nd4 h5 20. f4 Nxd3 21. Qxd3 h4
22. Nf1 Rh6 23. Re2 Kf8 24. dxe6 fxe6 25. Rbe1 Qb6 26. Kh1 h3 27. Nxf5 exf5 28.
Rxe7 hxg2+ 29. Kxg2 Bd7 30. Ng3 Qc6+ 31. Kf1 Rxh2 32. Qd5 Qxd5 33. cxd5 Rd8 34.
Kg1 Rh4 35. Kg2 a5 36. Kf3 a4 37. R7e6 Bxe6 38. dxe6 Rh7 39. Nxf5 Ke8 40. Rg1
Kf8 41. Ke4 Re8 42. Nd4 Ke7 43. Kd5 Rf8 44. f5 Rc8 45. f6+ Kxf6 46. Rf1+ Kg5 47.
Kxd6 Rd8+ 48. Ke5 Rc7 49. Rg1+ Kh5 50. Ke4 1-0

[Event "World Rapid 2017"]
[Site "Riyadh KSA"]
[Date "2017.12.28"]
[Round "13.42"]
[White "Short, Nigel D"]
[Black "Andriasian, Zaven"]
[Result "1-0"]
[WhiteTitle "GM"]
[BlackTitle "GM"]
[WhiteElo "2678"]
[BlackElo "2585"]
[WhiteFideId "400025"]
[BlackFideId "13302000"]
[EventDate "2017.12.26"]

1. e4 c5 2. Nf3 d6 3. d4 cxd4 4. Nxd4 Nf6 5. Nc3 a6 6. a4 g6 7. Be2 Bg7 8. O-O
O-O 9. Be3 Bd7 10. f4 Nc6 11. Nb3 Rc8 12. Bf3 Qc7 13. a5 e5 14. Bb6 Qb8 15. f5
Ne7 16. g4 h6 17. Kh1 Rxc3 18. bxc3 Bc6 19. Qd3 d5 20. Nd2 Re8 21. c4 dxc4 22.
Qe3 Bb5 23. c3 Nc8 24. fxg6 fxg6 25. g5 hxg5 26. Qxg5 Nxb6 27. axb6 Qd6 28. Rg1
Re7 29. Rad1 Qxb6 30. Qxg6 Be8 31. Qg5 Qe6 32. Nf1 Nh7 33. Qg2 Bc6 34. Ne3 Qf6
35. Nf5 Rf7 36. Rd6 1-0

[Event "World Rapid 2017"]
[Site "Riyadh KSA"]
[Date "2017.12.28"]
[Round "13.43"]
[White "Eljanov, Pavel"]
[Black "Malakhov, Vladimir"]
[Result "1/2-1/2"]
[WhiteTitle "GM"]
[BlackTitle "GM"]
[WhiteElo "2711"]
[BlackElo "2686"]
[WhiteFideId "14102951"]
[BlackFideId "4120787"]
[EventDate "2017.12.26"]

1. Nf3 d5 2. g3 Bg4 3. Bg2 Nd7 4. h3 Bh5 5. d4 c6 6. O-O e6 7. c4 Ngf6 8. Nc3
Be7 9. Ne5 O-O 10. g4 Bg6 11. Nxg6 hxg6 12. b3 a6 13. Qd3 Rc8 14. Rd1 b5 15. Bf4
bxc4 16. bxc4 Nb6 17. c5 Nc4 18. Rab1 Qa5 19. e4 Bd8 20. e5 Nd7 21. Ne4 Bc7 22.
Nd6 Bxd6 23. exd6 e5 24. Bxe5 Ncxe5 25. dxe5 Nxe5 26. Qd4 Nd7 27. Rdc1 Rb8 28.
Rxb8 Rxb8 29. Qe3 Nf6 30. g5 Re8 31. Qc3 Qxc3 32. Rxc3 Nd7 33. h4 f5 34. gxf6
gxf6 35. Bh3 f5 36. h5 Kf7 37. f4 Re4 38. Bg2 Rd4 39. h6 Kg8 40. Re3 Nxc5 41.
Re7 Rxf4 42. d7 Nxd7 43. Rxd7 Ra4 44. Rg7+ Kh8 45. Rxg6 Rxa2 46. Rxc6 Ra3 47.
Kh2 Ra2 48. Kh3 Rd2 49. Kg3 f4+ 50. Kf3 d4 51. Bf1 a5 52. Bc4 a4 53. Bd5 Rb2 54.
Be4 Rb8 55. Ra6 Rd8 56. Bd3 Re8 57. Kxf4 Rf8+ 58. Kg5 Rb8 59. Rxa4 Rc8 60. Rxd4
Rb8 61. Rd7 Rg8+ 62. Kh5 Rb8 63. Bc4 Re8 64. Bd3 Rb8 65. Bf5 Ra8 66. Re7 Rb8 67.
Kg6 Rg8+ 68. Rg7 Re8 69. Rh7+ Kg8 70. Rd7 Kh8 71. Bd3 Re6+ 72. Kf7 Rd6 1/2-1/2

[Event "World Rapid 2017"]
[Site "Riyadh KSA"]
[Date "2017.12.28"]
[Round "13.44"]
[White "Khismatullin, Denis"]
[Black "Georgiev, Kiril"]
[Result "0-1"]
[WhiteTitle "GM"]
[BlackTitle "GM"]
[WhiteElo "2632"]
[BlackElo "2623"]
[WhiteFideId "4142578"]
[BlackFideId "2900017"]
[EventDate "2017.12.26"]

1. c4 Nf6 2. Nc3 e5 3. Nf3 Nc6 4. e3 Bb4 5. Qc2 Bxc3 6. Qxc3 Qe7 7. a3 d5 8. d4
exd4 9. Nxd4 Ne5 10. cxd5 Nxd5 11. Qc2 O-O 12. b4 Bg4 13. Be2 Bxe2 14. Qxe2 c5
15. bxc5 Qxc5 16. O-O Qc4 17. Qh5 Rfe8 18. Bb2 Nf6 19. Qe2 Nd3 20. Rfd1 Nxb2 21.
Qxb2 b6 22. Rac1 Qa4 23. Nb5 Rad8 24. Nd6 Rf8 25. Rd4 Qd7 26. Nb5 Qe7 27. h3
Rxd4 28. Nxd4 Qe5 29. Rc4 Ne4 30. Rc6 g6 31. Qc2 Nc5 32. a4 Re8 33. a5 Ne6 34.
axb6 axb6 35. Nf3 Qb5 36. Qc3 Nc5 37. Rc7 Ne4 38. Qc2 Qd5 39. Nd4 Nc5 40. Qb2
Rb8 41. Ra7 Ne6 42. Nf3 Qd1+ 43. Kh2 Qd6+ 44. g3 Qd5 45. Ne5 Ng5 46. Ng4 Nf3+
47. Kg2 Nh4+ 48. Kf1 Qd1# 0-1

[Event "World Rapid 2017"]
[Site "Riyadh KSA"]
[Date "2017.12.28"]
[Round "13.45"]
[White "Kovalev, Vladislav"]
[Black "Bortnyk, Olexandr"]
[Result "1/2-1/2"]
[WhiteTitle "GM"]
[BlackTitle "GM"]
[WhiteElo "2639"]
[BlackElo "2610"]
[WhiteFideId "13504398"]
[BlackFideId "14120828"]
[EventDate "2017.12.26"]

1. Nf3 Nf6 2. g3 b6 3. Bg2 Bb7 4. O-O g6 5. b3 Bg7 6. Bb2 O-O 7. c4 e6 8. Nc3
Re8 9. d4 d5 10. Rc1 Nc6 11. Ne5 Ne7 12. Qc2 c6 13. e4 Rc8 14. Rfd1 Qc7 15. Nd3
dxe4 16. Nxe4 Nxe4 17. Bxe4 Rcd8 18. Nf4 Bh6 19. Nd3 Bxc1 20. Qxc1 Nf5 21. Ne5
c5 22. Bxb7 Qxb7 23. dxc5 bxc5 24. Ng4 Qf3 25. Nf6+ Kf8 26. Nxh7+ Kg8 27. Nf6+
Kf8 28. Re1 Rd3 29. Nxe8 Kxe8 30. Qg5 Ne3 31. Qxe3 Rxe3 32. Rxe3 Qd1+ 33. Kg2
Qd2 34. Bf6 1/2-1/2

[Event "World Rapid 2017"]
[Site "Riyadh KSA"]
[Date "2017.12.28"]
[Round "13.46"]
[White "Mchedlishvili, Mikheil"]
[Black "Amin, Bassem"]
[Result "1-0"]
[WhiteTitle "GM"]
[BlackTitle "GM"]
[WhiteElo "2603"]
[BlackElo "2689"]
[WhiteFideId "13600966"]
[BlackFideId "10601457"]
[EventDate "2017.12.26"]

1. d4 Nf6 2. Bg5 Ne4 3. Bf4 d5 4. e3 c5 5. Bd3 Nf6 6. c3 Nc6 7. Nd2 Qb6 8. Rb1
Bg4 9. Ngf3 e6 10. Qa4 Be7 11. Ne5 O-O 12. Bg5 c4 13. Bc2 Bh5 14. Bxf6 gxf6 15.
Nd7 Qc7 16. Nxf8 a6 17. Bd1 Bxd1 18. Qxd1 Rxf8 19. e4 dxe4 20. Nxe4 f5 21. Nd2
b5 22. O-O Bd6 23. Qh5 Ne7 24. Nf3 Kg7 25. Rfe1 Ng6 26. d5 Nf4 27. Qg5+ Kh8 28.
Qf6+ Kg8 29. Ng5 Be7 30. Qh6 Bxg5 31. Qxg5+ Kh8 32. Qf6+ Kg8 33. dxe6 fxe6 34.
Qe5 Qxe5 35. Rxe5 Kf7 36. Rc5 Nd5 37. Re1 Re8 38. g3 Re7 39. Rd1 Ra7 40. Rd4 Ke7
41. Rc8 Kd6 42. Rh8 a5 43. Rb8 Kc5 44. Re8 Kd6 45. Rb8 Kc5 46. a4 bxa4 47. Rc8+
Kb5 48. Rdxc4 Nb6 49. R4c5+ Ka6 50. R8c6 Re7 51. Rd6 Kb7 52. Rb5 1-0

[Event "World Rapid 2017"]
[Site "Riyadh KSA"]
[Date "2017.12.28"]
[Round "13.47"]
[White "Volokitin, Andrei"]
[Black "Halkias, Stelios"]
[Result "1-0"]
[WhiteTitle "GM"]
[BlackTitle "GM"]
[WhiteElo "2628"]
[BlackElo "2571"]
[WhiteFideId "14107090"]
[BlackFideId "4201809"]
[EventDate "2017.12.26"]

1. e4 e5 2. Nf3 Nc6 3. Bb5 a6 4. Ba4 Nf6 5. O-O Be7 6. d3 d6 7. c3 O-O 8. Re1 b5
9. Bc2 Nb8 10. d4 Nbd7 11. a4 Bb7 12. Bd3 c6 13. Nbd2 Re8 14. b4 Bf8 15. Qc2 Qc7
16. Bb2 Nb6 17. axb5 cxb5 18. d5 Rac8 19. Rec1 Nc4 20. Nxc4 bxc4 21. Bf1 Nd7 22.
Ra5 g6 23. Rca1 Be7 24. Bc1 Bd8 25. Be3 Qb8 26. R5a3 Bb6 27. Qd2 Qc7 28. Bxb6
Nxb6 29. Ra5 Ra8 30. h4 Rf8 31. h5 f5 32. Ng5 Rae8 33. Ne6 Rxe6 34. dxe6 fxe4
35. b5 d5 36. bxa6 Ba8 37. hxg6 hxg6 38. Qg5 Kg7 39. Rb5 Nc8 40. Rab1 Nd6 41.
Qxe5+ Kg8 42. Rb7 Bxb7 43. Rxb7 Rf5 44. Rxc7 Rxe5 45. a7 1-0

[Event "World Rapid 2017"]
[Site "Riyadh KSA"]
[Date "2017.12.28"]
[Round "13.48"]
[White "Dervishi, Erald"]
[Black "Ni, Hua"]
[Result "1/2-1/2"]
[WhiteTitle "GM"]
[BlackTitle "GM"]
[WhiteElo "2552"]
[BlackElo "2671"]
[WhiteFideId "4700236"]
[BlackFideId "8601160"]
[EventDate "2017.12.26"]

1. e4 e5 2. Nf3 Nf6 3. Nxe5 d6 4. Nf3 Nxe4 5. d4 d5 6. Bd3 Bf5 7. O-O Be7 8.
Nbd2 Nd6 9. Bxf5 Nxf5 10. Re1 O-O 11. Nf1 c6 12. Qd3 g6 13. Ng3 Nxg3 14. hxg3
Nd7 15. Bf4 Re8 16. Re3 Bf6 17. Rae1 Rxe3 18. Rxe3 Nf8 19. Be5 Be7 20. Qe2 Ne6
21. Nh2 h5 22. g4 h4 23. f4 f6 24. Bc7 Nxd4 25. Qd3 Qxc7 26. Qxg6+ Kf8 27. Qh6+
Ke8 28. Qxf6 Nxc2 29. Qg6+ Kd7 30. Qe6+ Kd8 31. Qg8+ Kd7 32. Qe6+ Kd8 33. Qg8+
Kd7 1/2-1/2

[Event "World Rapid 2017"]
[Site "Riyadh KSA"]
[Date "2017.12.28"]
[Round "13.49"]
[White "Ibrahimov, Rasul"]
[Black "Tregubov, Pavel V."]
[Result "1/2-1/2"]
[WhiteTitle "GM"]
[BlackTitle "GM"]
[WhiteElo "2518"]
[BlackElo "2575"]
[WhiteFideId "13400495"]
[BlackFideId "4115341"]
[EventDate "2017.12.26"]

1. Nf3 c5 2. c4 Nc6 3. Nc3 e5 4. g3 g6 5. Bg2 Bg7 6. O-O d6 7. d3 Nge7 8. a3 O-O
9. Rb1 a5 10. b3 h6 11. Nd2 Be6 12. Nd5 Rb8 13. Bb2 b5 14. e3 Qd7 15. Qc2 Bh3
16. Ne4 Nxd5 17. Bxh3 Qxh3 18. cxd5 Ne7 19. Nxd6 Nxd5 20. Qxc5 Nf6 21. Qxe5 Rfd8
22. Ne4 Ne8 23. Qf4 g5 24. Qf3 Bxb2 25. Rxb2 Rxd3 26. Nf6+ Nxf6 27. Qxf6 Rbd8
28. Rbb1 R8d6 29. Qe5 R6d5 30. Qe4 Kg7 31. Qe8 Qd7 32. Qxd7 Rxd7 33. Rfc1 R7d5
34. Kg2 Rd2 35. g4 h5 36. h3 h4 37. Rc7 Kg6 38. Ra7 R5d3 39. Kf3 Rd6 40. Kg2 Rf6
41. Rf1 Rb2 42. Rxa5 Rxb3 43. a4 bxa4 44. Rxa4 Rb2 45. Ra5 Rc2 46. Rb5 Ra2 47.
Rb8 Rc2 48. Rb7 Ra2 49. Rb3 Rc2 50. Rb5 Ra2 51. Rb4 Rc2 52. Ra4 Rb2 53. Ra5 Rc2
54. Rb5 Ra2 55. Rd5 Rb2 56. e4 Re2 57. Rf5 Rxe4 58. Rxf6+ Kxf6 59. Ra1 Rd4 60.
Ra5 Kg6 61. Rb5 Rc4 1/2-1/2

[Event "World Rapid 2017"]
[Site "Riyadh KSA"]
[Date "2017.12.28"]
[Round "13.50"]
[White "Meier, Georg"]
[Black "Tissir, Mohamed"]
[Result "1-0"]
[WhiteTitle "GM"]
[BlackTitle "IM"]
[WhiteElo "2650"]
[BlackElo "2381"]
[WhiteFideId "4675789"]
[BlackFideId "9000240"]
[EventDate "2017.12.26"]

1. Nf3 Nf6 2. g3 g6 3. Bg2 Bg7 4. O-O O-O 5. d4 d6 6. b3 a5 7. Bb2 a4 8. b4 d5
9. Na3 Nc6 10. b5 Na5 11. Ne5 c6 12. c4 cxb5 13. cxb5 Bf5 14. Rc1 Qd6 15. Qxa4
Nc4 16. Nexc4 Rxa4 17. Nxd6 exd6 18. Rc7 Rfa8 19. Rxb7 Rxa3 20. Bxa3 Rxa3 21.
Ra1 h5 22. b6 Ra6 23. e3 Nd7 24. Bxd5 Nxb6 25. Bxf7+ Kh7 26. Be8 Nd5 27. a4 Nf6
28. Bb5 Ra8 29. a5 Be4 30. Rb6 Rf8 31. Bc6 d5 32. a6 Ng4 33. Ra2 Bh6 34. Rb7+
Kh8 35. a7 Nxf2 36. Rxf2 Bxe3 37. Rb2 1-0

[Event "World Rapid 2017"]
[Site "Riyadh KSA"]
[Date "2017.12.28"]
[Round "13.51"]
[White "Sethuraman, S.P."]
[Black "Lodhi, Mahmood"]
[Result "1-0"]
[WhiteTitle "GM"]
[BlackTitle "IM"]
[WhiteElo "2646"]
[BlackElo "2347"]
[WhiteFideId "5021596"]
[BlackFideId "7800010"]
[EventDate "2017.12.26"]

1. e4 e5 2. Nf3 Nc6 3. Bc4 Bc5 4. d3 d6 5. c3 Nf6 6. a4 a5 7. Bg5 h6 8. Bh4 Qe7
9. O-O g5 10. Bg3 h5 11. h4 g4 12. Ng5 Nd8 13. d4 Ba7 14. Nd2 Nd7 15. Qb3 Nb6
16. f4 exd4 17. Kh1 f6 18. e5 d5 19. Bb5+ c6 20. exf6 Qxf6 21. Rae1+ Kd7 22. Bd3
Re8 23. Rxe8 Kxe8 24. Re1+ Kd7 25. f5 Nc4 26. Bxc4 dxc4 27. Nxc4 1-0

[Event "World Rapid 2017"]
[Site "Riyadh KSA"]
[Date "2017.12.28"]
[Round "13.52"]
[White "Al-Saffar, Araz Basim Mohammed S"]
[Black "Van Foreest, Jorden"]
[Result "0-1"]
[WhiteTitle "IM"]
[BlackTitle "GM"]
[WhiteElo "2368"]
[BlackElo "2629"]
[WhiteFideId "4801040"]
[BlackFideId "1039784"]
[EventDate "2017.12.26"]

1. d4 e6 2. c4 b6 3. e4 Bb4+ 4. Bd2 Bxd2+ 5. Nxd2 d5 6. Ngf3 Ne7 7. Bd3 O-O 8.
O-O Nbc6 9. cxd5 exd5 10. e5 Bf5 11. Bxf5 Nxf5 12. Nb3 a5 13. Rc1 Nce7 14. Qd3
Qd7 15. Rc2 Rac8 16. Rfc1 c6 17. h3 Qa7 18. Ng5 a4 19. Nd2 c5 20. g4 c4 21. Nxc4
dxc4 22. Qe4 f6 23. Ne6 fxe5 24. Nxf8 Nxd4 25. Nxh7 Qa8 26. Ng5 Qxe4 27. Nxe4 b5
28. Nd6 Rc5 29. Nxc4 bxc4 30. Rxc4 Rb5 31. Kf1 Rxb2 32. Re1 Nf3 33. Rxa4 Nxe1
34. Kxe1 Nd5 35. h4 Nf4 36. f3 Nd3+ 37. Kd1 Rf2 38. Ra3 Rxf3 39. Kd2 e4 40. Rc3
Rh3 41. h5 e3+ 42. Kd1 Rh1+ 43. Ke2 Nf4+ 0-1

[Event "World Rapid 2017"]
[Site "Riyadh KSA"]
[Date "2017.12.28"]
[Round "13.53"]
[White "Saeed, Ishaq"]
[Black "El Adnani, Mokliss"]
[Result "0-1"]
[WhiteTitle "FM"]
[BlackTitle "IM"]
[WhiteElo "2434"]
[BlackElo "2448"]
[WhiteFideId "9301453"]
[BlackFideId "9000410"]
[EventDate "2017.12.26"]

1. d4 Nf6 2. c4 g6 3. Nc3 d5 4. cxd5 Nxd5 5. e4 Nxc3 6. bxc3 Bg7 7. Bc4 O-O 8.
Ne2 b6 9. O-O Ba6 10. Bb3 Nc6 11. h4 Na5 12. Bc2 c5 13. h5 cxd4 14. cxd4 Rc8 15.
hxg6 hxg6 16. Bg5 Nc6 17. Bd3 Bxd3 18. Qxd3 Nxd4 19. Nxd4 Qxd4 20. Qxd4 Bxd4 21.
Rad1 e5 22. Rd2 Rc4 23. Kh2 Kg7 24. Rd3 Rh8+ 25. Kg3 Rc2 26. f4 Rh5 27. Be7 Rxa2
28. f5 gxf5 29. exf5 f6 30. Rc1 Rxf5 31. Rc7 Rg5+ 32. Kh3 Kg6 33. Rc6 Rf2 34. g4
Kf7 35. Rc7 Ke6 36. Bb4 a5 37. Rc6+ Kd5 38. Rd6+ Ke4 39. R3xd4+ exd4 40. Be1
Rf3+ 41. Kh2 Rxg4 42. Re6+ Kd5 43. Rxb6 Rf5 44. Bg3 Rh5+ 45. Kg2 Rhg5 46. Rxf6
Rxg3+ 47. Kh2 Rg2+ 48. Kh1 Rg1+ 49. Kh2 R5g2+ 50. Kh3 Rg6 0-1

[Event "World Rapid 2017"]
[Site "Riyadh KSA"]
[Date "2017.12.28"]
[Round "13.54"]
[White "Khenkin, Igor"]
[Black "Minko, Vladimir"]
[Result "1/2-1/2"]
[WhiteTitle "GM"]
[BlackTitle "IM"]
[WhiteElo "2554"]
[BlackElo "2381"]
[WhiteFideId "4659600"]
[BlackFideId "24146706"]
[EventDate "2017.12.26"]

1. d4 Nf6 2. c4 e6 3. Nf3 Bb4+ 4. Nbd2 O-O 5. a3 Be7 6. e4 d6 7. Be2 c5 8. d5 e5
9. Qc2 Nbd7 10. Nb1 Ne8 11. Nc3 a6 12. Be3 Rb8 13. b4 b6 14. Rb1 Qc7 15. O-O g6
16. Nd2 Ng7 17. bxc5 Nxc5 18. Nb3 Bd7 19. Nxc5 1/2-1/2

[Event "World Rapid 2017"]
[Site "Riyadh KSA"]
[Date "2017.12.28"]
[Round "13.55"]
[White "Amer, Said Salim Al Maashani"]
[Black "Inarkiev, Ernesto"]
[Result "0-1"]
[WhiteTitle "FM"]
[BlackTitle "GM"]
[WhiteElo "2103"]
[BlackElo "2689"]
[WhiteFideId "22000100"]
[BlackFideId "4162722"]
[EventDate "2017.12.26"]

1. e4 c5 2. Nf3 e6 3. d4 cxd4 4. Nxd4 Nc6 5. Nc3 Qc7 6. g3 a6 7. Bg2 Nf6 8. O-O
Bc5 9. Nb3 Ba7 10. Bf4 Ne5 11. a4 d6 12. Qe2 O-O 13. h3 h6 14. Rfd1 Bd7 15. g4
Bc6 16. g5 hxg5 17. Bxg5 Nh7 18. Bf4 Qe7 19. Kh2 f5 20. Bxe5 dxe5 21. Na5 Qh4
22. Nxc6 bxc6 23. f3 Nf6 24. Rd6 Qf4+ 25. Kh1 Nh5 26. Qe1 Ng3+ 0-1

[Event "World Rapid 2017"]
[Site "Riyadh KSA"]
[Date "2017.12.28"]
[Round "13.56"]
[White "Sanal, Vahap"]
[Black "Khader, Sami"]
[Result "1-0"]
[WhiteTitle "GM"]
[BlackTitle "IM"]
[WhiteElo "2551"]
[BlackElo "2392"]
[WhiteFideId "6300545"]
[BlackFideId "8100500"]
[EventDate "2017.12.26"]

1. e4 e5 2. Nf3 Nc6 3. Bb5 f5 4. Nc3 fxe4 5. Nxe4 Nf6 6. Nxf6+ Qxf6 7. Qe2 Be7
8. Bxc6 bxc6 9. Nxe5 Qe6 10. d4 O-O 11. Nd3 Qg6 12. O-O Bf6 13. Ne5 Qe8 14. Qc4+
d5 15. Qxc6 Qxc6 16. Nxc6 Bd7 17. Ne5 Bxe5 18. dxe5 c5 19. c3 Kf7 20. Be3 c4 21.
Bc5 Rfc8 22. Bd6 Bf5 23. f3 Ke6 24. Kf2 a5 25. Ke3 Ra7 26. Kd4 a4 27. Rf2 Rc6
28. g4 Bd3 29. f4 g6 30. Rg1 Rf7 31. h4 Rc8 32. h5 Be4 33. Rg3 Ra8 34. Rh3 Kd7
35. hxg6 hxg6 36. Rh6 Re8 37. Ba3 Re6 38. Rh8 Re8 39. Rxe8 Kxe8 40. e6 Rh7 41.
f5 gxf5 42. gxf5 Rh4 43. Ke5 Rh5 44. Rf4 Rg5 45. Bc5 Rh5 46. Rg4 Rxf5+ 47. Kd4 1-0

[Event "World Rapid 2017"]
[Site "Riyadh KSA"]
[Date "2017.12.28"]
[Round "13.57"]
[White "Dobrov, Vladimir"]
[Black "Omar, Noaman"]
[Result "0-1"]
[WhiteTitle "GM"]
[BlackTitle "IM"]
[WhiteElo "2515"]
[BlackElo "2364"]
[WhiteFideId "4136594"]
[BlackFideId "9300244"]
[EventDate "2017.12.26"]

1. d4 d5 2. c4 e6 3. Nf3 Nf6 4. g3 dxc4 5. Bg2 c5 6. O-O Nc6 7. dxc5 Qxd1 8.
Rxd1 Bxc5 9. Nbd2 c3 10. bxc3 O-O 11. Nb3 Be7 12. Nfd4 Rd8 13. Bxc6 bxc6 14. Na5
Bd7 15. Ndxc6 Bxc6 16. Rxd8+ Rxd8 17. Nxc6 Rd1+ 18. Kg2 Bc5 19. Rb1 h5 20. Ne5
Ne4 21. Rb8+ Kh7 22. Be3 Bxe3 23. fxe3 f6 24. Nc6 Nxc3 25. Rb7 Rd2 26. Nd4 Nxe2
27. Nf3 Rxa2 28. Kh3 Kh6 29. Re7 g5 30. Rxe6 0-1

[Event "World Rapid 2017"]
[Site "Riyadh KSA"]
[Date "2017.12.28"]
[Round "13.58"]
[White "Masrahi, Abdulrahman A"]
[Black "Dzhumagaliev, Yan"]
[Result "0-1"]
[WhiteTitle "CM"]
[BlackTitle "FM"]
[WhiteElo "1962"]
[BlackElo "2400"]
[WhiteFideId "21501564"]
[BlackFideId "24100110"]
[EventDate "2017.12.26"]

1. d4 Nf6 2. Bf4 e6 3. e3 c5 4. c3 Qb6 5. Qb3 d5 6. Nf3 Nc6 7. Nbd2 Be7 8. Be2
O-O 9. O-O Bd7 10. Ne5 Nxe5 11. Bxe5 Bc6 12. Bg3 Rfc8 13. Bh4 h6 14. f4 Re8 15.
Bxf6 Bxf6 16. Nf3 Rec8 17. Ne5 Be8 18. Kh1 Qc7 19. Ng4 Be7 20. f5 exf5 21. Rxf5
Bd7 22. Rxf7 Bxg4 23. Qxd5 Qc6 24. Rf8+ Kxf8 25. Rf1+ Bf6 26. Rxf6+ gxf6 0-1

[Event "World Rapid 2017"]
[Site "Riyadh KSA"]
[Date "2017.12.28"]
[Round "13.59"]
[White "Al Zamel, Khaled"]
[Black "Al Ghamdi, Ahmed M"]
[Result "0-1"]
[BlackTitle "CM"]
[WhiteElo "1942"]
[BlackElo "2159"]
[WhiteFideId "21500967"]
[BlackFideId "21500150"]
[EventDate "2017.12.26"]

1. e4 e5 2. g3 Nf6 3. d3 d5 4. Nd2 Bg4 5. Ngf3 dxe4 6. dxe4 Nxe4 7. Qe2 Nxd2 8.
Qxe5+ Qe7 9. Qxe7+ Bxe7 10. Nxd2 Nc6 11. c3 O-O-O 12. Bg2 Bg5 13. f4 Rhe8+ 14.
Kf1 Be7 15. h3 Bf5 16. Kg1 Bc5+ 17. Kh2 Re2 18. b4 Rdxd2 19. Bxd2 Be4 20. h4
Rxg2+ 21. Kh3 Rxd2 22. bxc5 Bxh1 23. Rxh1 h5 24. Re1 Kd7 25. Re3 Rxa2 26. g4
hxg4+ 27. Kxg4 Rg2+ 28. Kh5 Ne7 29. Re5 Ng8 0-1

[Event "World Rapid 2017"]
[Site "Riyadh KSA"]
[Date "2017.12.28"]
[Round "13.60"]
[White "Al Jabri, Mohammed Ali"]
[Black "Lam, Daniel King-wai"]
[Result "1-0"]
[BlackTitle "FM"]
[WhiteElo "2154"]
[BlackElo "2222"]
[WhiteFideId "7604734"]
[BlackFideId "6001238"]
[EventDate "2017.12.26"]

1. e4 c5 2. d4 cxd4 3. c3 dxc3 4. Nxc3 d6 5. Bc4 Nc6 6. Nf3 e6 7. O-O a6 8. a4
Nf6 9. Qe2 Be7 10. Rd1 Qc7 11. Bf4 O-O 12. Rac1 e5 13. Be3 Be6 14. Nd5 Qd8 15.
Bb6 Qd7 16. b4 Bxd5 17. Bxd5 Qe8 18. b5 Nxd5 19. Rxd5 Nb4 20. Rd2 axb5 21. axb5
Ra4 22. Rb2 Qa8 23. Rcb1 Na2 24. Qd3 Rc8 25. h3 Ra3 26. Qd2 Nc3 27. Re1 Qa4 28.
Qd3 Ra2 29. Rxa2 Qxa2 30. Kh2 Qa4 31. Rc1 h6 32. Rxc3 Rxc3 33. Qxc3 Qxe4 34. Be3
Kh7 35. Qc7 Bf6 36. Qxf7 Kh8 37. Qd7 Qd5 38. Qc8+ Kh7 39. Qf5+ Kh8 40. Bxh6 Qxb5
41. Bg5 1-0